January Birthday Bash Quiz Stats

 Plays Quiz not verified by Sporcle

Score 0/31 Timer 05:00
0 Plays Today
% Correct
Ellen DeGeneres
92.8%
Oprah Winfrey
91.1%
Nicolas Cage
88.8%
Justin Timberlake
88.8%
David Bowie
86.5%
Dolly Parton
86.2%
Betty White
83.9%
Rod Stewart
79.9%
Marilyn Manson
78.9%
Kate Middleton
77.6%
Howard Stern
70.1%
Elijah Wood
69.4%
Cuba Gooding Jr.
67.1%
Orlando Bloom
66.8%
Christian Bale
66.4%
Guy Fieri
54.9%
% Correct
Dave Grohl
53%
Mary J. Blige
51.6%
Geena Davis
51.3%
Jason Segel
50.3%
Wolfgang Amadeus Mozart
50%
Eli Manning
48%
Alicia Keys
41.4%
Kate Moss
34.5%
Skrillex
30.6%
Neil Diamond
27.3%
Norman Reedus
20.7%
Arjen Robben
18.8%
Evan Peters
12.8%
Colin Morgan
9.5%
Coco Jones
9.2%

You're not logged in!

Compare scores with friends on all Sporcle quizzes.
OR
Log In

Sporcle TV

Today on Sporcle TV


Watch our educational content, quiz creation guides, and fun videos on Sporcle TV.

Show Comments

Extras

Top Quizzes Today


Score Distribution

Your Account Isn't Verified!

In order to create a playlist on Sporcle, you need to verify the email address you used during registration. Go to your Sporcle Settings to finish the process.

Report this User

Report this user for behavior that violates our Community Guidelines.

Details: